1393 1020 1127 1398 1083 1307 1809 1396 1429 1803 1310 1019 1531 1239 1959 1006 1955 1545 1102 1184 1961 1789 1946 1452 1983 1852 1322 1252 1993 1419 1077 1302 1452 1113 1790 1741 1790 1519 1715 1109 1225 1991 1832 1401 1734 1775 1245 1843 1924 1252 1253 1463 1524 1778 1954 1936 1848 1726 1169 1503 1948 1715 1354 1890 1513 1992 1136 1810 1438 1899 1474 1570 1760 1001 1423 1832 1783 1563 1103 1415 1595 1383 1862 1391 1781 1690 1122 1577 1555 1812 1084 1349 1190 1003 1364 1911 1826 1690 1487 BCNSPRNW ULIB Ver.6.0+V

เปลี่ยนเป็นภาษาไทย

Change to English
 แสดงรายละเอียดบรรณานุกรม
  กลับหน้าหลัก

Brief Record : Get Marc (ISO 2709) : E-mail record : QR code < ปิดหน้าต่าง
LEADER : 00000nam 2200000uu 4500
001    13399129220
003     ULIB
008    260511s2564||||th 000 0 tha d
020    ^a9786164220157
050  4 ^aPE1116.N8^bE58
245 0  ^aEnglish for nursing personnel /^cบรรณาธิการ อังคณา สุเมธสิทธิกุล.
246 1  ^aEnglish for nursing personnel ภาษาอังกฤษสำหรับบุคลากรทางการพยาบาล
246 3  ^aภาษาอังกฤษสำหรับบุคลากรทางการพยาบาล.
246 3  ^aภาษาอังกฤษสำหรับบุคลากรทางการแพทย์
250    ^aพิมพ์ครั้งที่ 4.
260    ^aกรุงเทพฯ :^bวิทยาลัยพยาบาลกองทัพบก กรมแพทย์ทหารบก,^c2564.
300    ^a240 หน้า :^bภาพประกอบ ;^c21 cm.
505    ^atPart 1 General conversation -- Part 2 Fundamental nursing -- Part 3 Medical and surgical nursing -- Part 4 Pediatric nursing -- Part 5 Nursing administration -- Part 6 Obstetric and gynecological nursing -- Part 7 Community health nursing -- Part 8 Mental health and psychiatric nursing.
505 0  ^aGeneral conversation -- Fundamental nursing -- Medical and surgical nursing -- Pediatric nursing -- Nursing administration -- Obstetric and gynecological nursing -- Community health nursing -- Mental healh and psychiatric nursing.
505 0  ^aGeneral conversation -- Fundamental nursing -- Medical and surgical nursing -- Pediatric nursing -- Nursing administration -- Obstetric and gynecological nursing -- Community health nursing -- Mental health and psychiatric nursing.
650  4 ^aภาษาอังกฤษ^xการใช้ภาษา
650  4 ^aภาษาอังกฤษ^xบทสนทนาและวลี
650  4 ^aEnglish language
650  4 ^aEnglish language
650  4 ^aการสื่อสารทางการพยาบาล
650  4 ^aการสื่อสารทางการแพทย์.
650  4 ^aภาษาอังกฤษ
650  4 ^aภาษาอังกฤษ^vบทสนทนาและวลี (สำหรับบุคลากรทางการแพทย์)
650  4 ^aภาษาอังกฤษ^xการใช้ภาษา
650  4 ^aภาษาอังกฤษ^xการใช้ภาษา^xพยาบาล
650  4 ^aภาษาอังกฤษ^xบทสนทนาและวลี (สำหรับพยาบาล)
650  4 ^aภาษาอังกฤษ^xบทสนทนาและวลี
650  4 ^aภาษาอังกษ
650 0  ^aภาษาอังกฤษ^xบทสนทนาและวลี (สำหรับบุคลากรทางการแพทย์)
655  4 ^aหนังสืออิเล็กทรอนิกส์.
658    ^aคณะพยาบาลศาสตร์.
695    ^aHumanities and Social Sciences.
700 0  ^aอังคณา สุเมธสิทธิกุล.
999    ^aประนอม เกษจรัล
รายการนี้ยังไม่มีแท็ก
คุณยังไม่ได้ล็อกอิน คุณสามารถมีกิจกรรมร่วมกับเว็บไซต์ได้ แต่ต้องล็อกอินก่อน ::
  ล็อกอิน

รายการสื่อสารสนเทศ

ลำดับที่ ประเภท เลขเรียก/บาร์โค้ด สถานที่ สถานะ
1. การศึกษาทั่วไป
หนังสือสำรอง
สถานะ=หนังสือสำรอง
PE1116.N8 E58 ฉ.1 
  Barcode: 012215
ห้องสมุดวิทยาเขตสวรรค์ประชารักษ์
►หนังสือทั่วไป
บนชั้น
2. การศึกษาทั่วไป
การศึกษาทั่วไป
PE1116.N8 E58 ฉ.2 
  Barcode: 012216
ห้องสมุดวิทยาเขตสวรรค์ประชารักษ์
►หนังสือทั่วไป
บนชั้น
3. การศึกษาทั่วไป
การศึกษาทั่วไป
PE1116.N8 E58 ฉ.3 
  Barcode: 012217
ห้องสมุดวิทยาเขตสวรรค์ประชารักษ์
►หนังสือทั่วไป
บนชั้น
4. การศึกษาทั่วไป
การศึกษาทั่วไป
PE1116.N8 E58 ฉ.4 
  Barcode: 012218
ห้องสมุดวิทยาเขตสวรรค์ประชารักษ์
►หนังสือทั่วไป
บนชั้น
5. การศึกษาทั่วไป
การศึกษาทั่วไป
PE1116.N8 E58 ฉ.5 
  Barcode: 012219
ห้องสมุดวิทยาเขตสวรรค์ประชารักษ์
►หนังสือทั่วไป
บนชั้น

รายการใกล้เคียง
    หัวเรื่อง [ภาษาอังกฤษ การใช้ภาษา]
    หัวเรื่อง [English language]
    หัวเรื่อง [English language]
    หัวเรื่อง [การสื่อสารทางการพยาบาล]
    หัวเรื่อง [การสื่อสารทางการแพทย์.]
    หัวเรื่อง [ภาษาอังกฤษ]
    หัวเรื่อง [ภาษาอังกฤษ การใช้ภาษา]

BibComment


ยังไม่เคยถูกคอมเมนท์

คอมเมนท์ทรัพยากรรายการนี้
  คอมเมนท์: English for nurs..


 Copyright 2026. Bcnsprnw @Library